000 00444nam a2200169Ia 4500
001 24696
003 IN-NITTTR
005 20251114233315.0
008 251113s9999||||xx |||||||||||||| ||eng||
040 _beng
040 _cIN-NITTTR
041 _aeng
082 _a628.52 T613B
100 _aTongbram, Bhabeswar
245 0 _aBiosorption of heavy metals from the effluents of electroplating units. /
_cTongbram, Bhabeswar
942 _2ddc
_cBK
999 _c27325
_d27325